[Event "Druzynowe Mistrzostwa Polski Juniorow 2019 - II Liga"]
[Site "Szczyrk"]
[Date "1899-12-30"]
[Round "10.105"]
[White "Wieczorek, Karol"]
[Black "Paschke, Kajetan"]
[Result "0-1"]
[WhiteTitle "II+"]
[BlackTitle "III"]
[WhiteElo "1502"]
[BlackElo "1000"]

1. d4 d5 2. Bg5 h6 3. Bh4 Nf6 4. Bxf6 exf6 5. Nf3 Bd6 6. e3 c6 7. c4 O-O 8. Nc3
Bb4 9. a3 Bxc3+ 10. bxc3 Re8 11. Qb3 Bf5 12. Qxb7 Nd7 13. Qxc6 Qa5 14. Kd2 Rab8
15. Qxd5 Rb2+ 16. Kd1 Bc2+ 17. Kc1 Qxc3 18. Qa5 Qxa5 19. Kxb2 Be4 0-1

[Event "Druzynowe Mistrzostwa Polski Juniorow 2019 - II Liga"]
[Site "Szczyrk"]
[Date "1899-12-30"]
[Round "10.106"]
[White "Kisiel, Dominik"]
[Black "Grzybek, Mikolaj"]
[Result "0-1"]
[WhiteTitle "II"]
[BlackTitle "II"]
[WhiteElo "1061"]
[BlackElo "1305"]

1. e4 c6 2. d4 d5 3. exd5 cxd5 4. c3 Bf5 5. Bd3 Bxd3 6. Qxd3 Nc6 7. Nf3 e6 8. Bg5
Be7 9. Bxe7 Ngxe7 10. Nbd2 Qb6 11. Rb1 h6 12. O-O O-O 13. a3 Rac8 14. Rfe1 Ng6
15. h3 Na5 16. Nh2 Nc4 17. Nxc4 Rxc4 18. Ng4 Qb3 19. Qd2 Rfc8 20. Ne5 Nxe5 21.
Rxe5 Qa2 22. Ree1 Qb3 23. h4 a5 24. g4 b5 25. h5 b4 26. g5 hxg5 27. Qxg5 Qc2 28.
h6 Qh7 29. hxg7 Qxg7 30. Qxg7+ Kxg7 31. axb4 axb4 32. cxb4 Rxd4 33. Re3 Rxb4 34.
Rg3+ Kf6 35. Rf3+ Ke7 36. Ra1 Rc7 37. b3 Rcb7 38. Rb1 e5 39. Re3 Ke6 40. f4 Rxf4
41. Rbe1 f6 42. Ra1 Rg7+ 43. Kh2 Rh4+ 44. Rh3 Rxh3+ 45. Kxh3 d4 46. b4 Rb7 47.
Rb1 Kd5 48. Kg4 Rb6 49. Kf5 d3 50. Rd1 Kd4 51. b5 e4 52. Kf4 Rxb5 53. Re1 f5 0-1

[Event "Druzynowe Mistrzostwa Polski Juniorow 2019 - II Liga"]
[Site "Szczyrk"]
[Date "1899-12-30"]
[Round "10.107"]
[White "Zamarska, Sylwia"]
[Black "Kicinska, Magdalena"]
[Result "1-0"]
[WhiteTitle "I++"]
[BlackTitle "I"]
[WhiteElo "1628"]
[BlackElo "1012"]

1. d4 d5 2. Bf4 Bf5 3. e3 Nf6 4. c4 e6 5. Qb3 Qc8 6. Nc3 c6 7. Rc1 Be7 8. cxd5
exd5 9. Nb5 Qd7 10. Nc7+ Kf8 11. Nxa8 Bd8 12. Bxb8 Qc8 13. Bd6+ Ke8 14. Nc7+ Bxc7
15. Bxc7 Qxc7 16. Nf3 Ke7 17. Bd3 Bxd3 18. Qxd3 Re8 19. O-O Kf8 20. Ne5 Kg8 21.
Qf5 Qe7 22. g4 Ne4 23. f3 Ng5 24. Rce1 h6 25. Qd7 Qxd7 26. Nxd7 f6 27. Nc5 Re7
28. h4 Nf7 29. e4 dxe4 30. Rxe4 Rxe4 31. fxe4 b6 32. Ne6 Kh7 33. e5 Kg6 34. Nf8#
1-0

[Event "Druzynowe Mistrzostwa Polski Juniorow 2019 - II Liga"]
[Site "Szczyrk"]
[Date "1899-12-30"]
[Round "10.108"]
[White "Kicinska, Anna"]
[Black "Wasowicz, Anna"]
[Result "1-0"]
[WhiteTitle "I"]
[BlackTitle "II"]
[WhiteElo "1000"]
[BlackElo "1000"]

1. d4 d5 2. Nf3 Nc6 3. Bf4 e6 4. e3 Nf6 5. Bd3 h6 6. O-O Bd6 7. Bxd6 Qxd6 8. h3
O-O 9. c3 Re8 10. Nbd2 Bd7 11. e4 dxe4 12. Nxe4 Nxe4 13. Bxe4 Re7 14. Bc2 Qf4
15. Qd3 g6 16. Rfe1 Rae8 17. h4 Qg4 18. Qd2 Qh5 19. Re2 Bc8 20. Rae1 a6 21. Be4
Bd7 22. a3 Kg7 23. c4 b6 24. Qc3 Kh7 25. c5 bxc5 26. dxc5 e5 27. b4 Nd4 28. Nxd4
exd4 29. Qxd4 Qxh4 30. Bxg6+ 1-0

[Event "Druzynowe Mistrzostwa Polski Juniorow 2019 - II Liga"]
[Site "Szczyrk"]
[Date "1899-12-30"]
[Round "10.109"]
[White "Kocierz, Pawel"]
[Black "Poziomkowski, Szymon"]
[Result "0-1"]
[WhiteTitle "II"]
[BlackTitle "I"]
[WhiteElo "1309"]
[BlackElo "1816"]

1. c4 e5 2. g3 Nf6 3. Bg2 Bc5 4. Nf3 e4 5. Ng5 Bxf2+ 6. Kxf2 Ng4+ 7. Ke1 Qxg5 8.
Bxe4 Qf6 9. Rf1 Qe7 10. Nc3 d6 11. Bf5 Bxf5 12. Rxf5 Nc6 13. d4 O-O 14. e4 Qd7
15. Rf4 Nf6 16. Kf1 Rfe8 17. Be3 Ne7 18. Qc2 Ng6 19. Rf3 Qg4 20. Qg2 Nxe4 21.
h3 Qe6 22. d5 Qe5 23. Nxe4 Qxe4 24. Re1 Qxc4+ 25. Kg1 Qxd5 26. Ref1 Ne5 27. Rf5
Qxg2+ 28. Kxg2 f6 29. Bd4 c5 30. Bxe5 Rxe5 31. Rxe5 fxe5 32. Rd1 Rd8 33. Kf3 Kf7
34. Ke4 Ke6 35. Rd5 Rf8 36. Rd2 Rf1 37. h4 d5+ 38. Ke3 e4 0-1

[Event "Druzynowe Mistrzostwa Polski Juniorow 2019 - II Liga"]
[Site "Szczyrk"]
[Date "1899-12-30"]
[Round "10.110"]
[White "Kartasiewicz, Igor"]
[Black "Rzasa, Michal"]
[Result "1-0"]
[WhiteTitle "II"]
[BlackTitle "III"]
[WhiteElo "1000"]
[BlackElo "1347"]

1. e4 d5 2. Nc3 d4 3. Nce2 e5 4. Nf3 Nc6 5. d3 h6 6. c3 Bg4 7. Ng3 Bc5 8. h3 Bxf3
9. Qxf3 Qf6 10. Qxf6 Nxf6 11. Be2 O-O 12. O-O b5 13. Bd2 Rfd8 14. a3 Bb6 15. Rfc1
Na5 16. Rc2 Nb3 17. Rb1 c5 18. Nf5 Ba5 19. Ne7+ Kf8 20. Nc6 Rdc8 21. Nxa5 Nxd2
22. Rxd2 c4 23. f3 cxd3 24. Rxd3 Nh5 25. cxd4 Nf4 26. Rd2 exd4 27. Kh2 Rab8 28.
Nb3 b4 29. a4 a5 30. g3 Nxe2 31. Rxe2 d3 32. Rd2 Rd8 33. Rbd1 Rbc8 34. Rxd3 1-0

[Event "Druzynowe Mistrzostwa Polski Juniorow 2019 - II Liga"]
[Site "Szczyrk"]
[Date "1899-12-30"]
[Round "10.111"]
[White "Czak, Dominik"]
[Black "Cwiek, Ryszard"]
[Result "0-1"]
[WhiteTitle "III"]
[BlackTitle "I"]
[WhiteElo "1297"]
[BlackElo "1728"]

1. d4 d6 2. e4 Nf6 3. Bd3 g6 4. c4 Nc6 5. d5 Nb8 6. Nc3 Bg7 7. f4 O-O 8. Nf3 e6
9. O-O c6 10. dxe6 fxe6 11. Be3 Ng4 12. Bd2 Qb6+ 13. Kh1 Nf2+ 14. Rxf2 Qxf2 15.
Qe1 Qxe1+ 16. Rxe1 e5 17. c5 h6 18. cxd6 Be6 19. fxe5 Nd7 20. Nd4 Nxe5 21. Bc2
Bd7 22. Bb3+ Kh7 23. h3 Nd3 24. Nf3 Nxe1 25. Bxe1 Rae8 26. Bc2 Bxh3 27. Kh2 Bg4
28. Kg3 Bxf3 29. gxf3 Be5+ 30. Kg2 Bxd6 0-1

[Event "Druzynowe Mistrzostwa Polski Juniorow 2019 - II Liga"]
[Site "Szczyrk"]
[Date "1899-12-30"]
[Round "10.112"]
[White "Cwiek, Stefan"]
[Black "Galla, Wiktor"]
[Result "1-0"]
[WhiteTitle "II"]
[BlackTitle "III"]
[WhiteElo "1315"]
[BlackElo "1000"]

1. e4 e6 2. d4 d5 3. exd5 exd5 4. c4 Nf6 5. Nc3 Be6 6. c5 b6 7. cxb6 axb6 8. Nf3
Bd6 9. Bb5+ c6 10. Bd3 O-O 11. O-O Re8 12. Re1 Bg4 13. Bg5 Rxe1+ 14. Qxe1 Nbd7
15. Ne5 Be6 16. f4 Nf8 17. Nxc6 Qc7 18. Ne5 N8d7 19. Rc1 Qb8 20. a3 h6 21. Bxf6
Nxf6 22. Nb5 Qd8 23. Nxd6 Qxd6 24. Rc6 Qd8 25. Qb4 Rb8 26. Qd6 Qxd6 27. Rxd6 Ne4
28. Bxe4 dxe4 29. d5 Bf5 30. g4 Bh7 31. Kf2 b5 32. Nc6 Re8 33. Rd8 Rxd8 34. Nxd8
f5 35. gxf5 Bxf5 36. Nb7 Kf7 37. Nd6+ Kf6 38. Ke3 g5 39. Nxe4+ Kg6 40. fxg5 hxg5
41. d6 Bd7 42. Nc5 Be8 43. d7 1-0

[Event "Druzynowe Mistrzostwa Polski Juniorow 2019 - II Liga"]
[Site "Szczyrk"]
[Date "1899-12-30"]
[Round "10.113"]
[White "Trusz, Julia"]
[Black "Zybrant, Sandra"]
[Result "1-0"]
[WhiteTitle "I+"]
[BlackTitle "II"]
[WhiteElo "1649"]
[BlackElo "1000"]

1. e4 d5 2. exd5 Qxd5 3. Nc3 Qa5 4. d4 c6 5. Nf3 Bf5 6. Bc4 Nf6 7. Bd2 Qd8 8. Bb3
e6 9. Qe2 Be7 10. h3 h6 11. O-O-O Nd5 12. g4 Bh7 13. Rhg1 Nxc3 14. Bxc3 Kf8 15.
Ne5 Na6 16. f4 g5 17. Nxf7 Kxf7 18. Qxe6+ Ke8 19. Qf7+ Kd7 20. d5 Qf8 21. dxc6+
Kxc6 22. Qd5+ Kc7 23. Be5+ Kb6 24. Qe6+ Ka5 25. Bxh8 Qxf4+ 26. Kb1 Bc5 27. Bc3+
Nb4 28. a3 Bg8 29. axb4+ Bxb4 30. Bxb4+ Qxb4 31. Qf5+ b5 32. Bxg8 Rxg8 33. Qe6
Ra8 34. Rg3 Qc4 35. Ra3+ Kb4 36. c3+ Kc5 37. Qd6# 1-0

[Event "Druzynowe Mistrzostwa Polski Juniorow 2019 - II Liga"]
[Site "Szczyrk"]
[Date "1899-12-30"]
[Round "10.114"]
[White "Mielnik, Zofia"]
[Black "Pietrzak, Emilia"]
[Result "0-1"]
[WhiteTitle "IV"]
[BlackTitle "I"]
[WhiteElo "1000"]
[BlackElo "1320"]

1. e4 c5 2. c3 Nf6 3. d4 Nxe4 4. Bd3 Nf6 5. Nf3 e6 6. O-O Be7 7. Be3 b6 8. Nbd2
d5 9. Bb5+ Bd7 10. Ba4 O-O 11. Rc1 b5 12. Bb3 c4 13. Bc2 a5 14. Re1 Nc6 15. Qe2
Qc7 16. g3 Bd6 17. Rcd1 Rfb8 18. Bf4 Bxf4 19. gxf4 Qxf4 20. Qe3 Qxe3 21. Rxe3
b4 22. Ne1 Ng4 23. Rg3 e5 24. h3 Nf6 25. dxe5 Nxe5 26. Ng2 bxc3 27. bxc3 Rb2 28.
Nf1 Rxc2 29. Nfe3 Rxc3 30. Re1 d4 31. Nd1 Rxg3 32. fxg3 Nf3+ 33. Kf1 Nxe1 34.
Kxe1 Re8+ 35. Kf1 Bxh3 36. Nf2 Bxg2+ 37. Kxg2 Ne4 38. Nh3 c3 39. a4 c2 40. g4
c1=Q 41. g5 Qd2+ 42. Nf2 Qxf2+ 43. Kh3 Qg3# 0-1

[Event "Druzynowe Mistrzostwa Polski Juniorow 2019 - II Liga"]
[Site "Szczyrk"]
[Date "1899-12-30"]
[Round "10.115"]
[White "Gazda, Dominik"]
[Black "Stachowicz, Hubert"]
[Result "1-0"]
[WhiteTitle "I"]
[BlackTitle "III"]
[WhiteElo "1624"]
[BlackElo "1092"]

1. e4 c5 2. Nf3 e6 3. d3 Nc6 4. g3 Be7 5. Bg2 Nf6 6. O-O d6 7. Re1 e5 8. Nbd2 h6
9. Nf1 g5 10. Ne3 g4 11. Nh4 h5 12. c3 Nh7 13. Nhf5 Bf6 14. Nc4 Bxf5 15. exf5
Qd7 16. d4 O-O-O 17. dxc5 dxc5 18. Qa4 Kb8 19. Be3 Be7 20. Bxc6 Qxc6 21. Qxc6
bxc6 22. Nxe5 Rc8 23. Nxf7 Rhe8 24. Bf4+ Ka8 25. Nd6 Bxd6 26. Bxd6 c4 27. Kf1
Nf6 28. Rxe8 Rxe8 29. Re1 Kb7 30. Rxe8 Nxe8 31. Be5 Nc7 32. f6 Ne6 33. f7 Kb6
34. Bd6 1-0

[Event "Druzynowe Mistrzostwa Polski Juniorow 2019 - II Liga"]
[Site "Szczyrk"]
[Date "1899-12-30"]
[Round "10.116"]
[White "Bartlomowicz, Jakub"]
[Black "Jaszczuk, Mateusz"]
[Result "0-1"]
[WhiteTitle "II+"]
[BlackTitle "I"]
[WhiteElo "1633"]
[BlackElo "1508"]

1. e4 c5 2. Nf3 Nc6 3. d4 cxd4 4. Nxd4 Nf6 5. Nc3 d6 6. Bg5 Nxd4 7. Qxd4 Nd7 8.
O-O-O Qa5 9. Nd5 f6 10. Be3 e6 11. Nc3 a6 12. f4 Be7 13. Bc4 Nb8 14. g4 Nc6 15.
Qd2 b5 16. Bb3 b4 17. Na4 Rb8 18. Qf2 Qc7 19. h4 Na5 20. f5 Nxb3+ 21. axb3 O-O
22. Rd4 d5 23. fxe6 Bxe6 24. exd5 Bd7 25. Rc4 Qb7 26. Nc5 Bxc5 27. Bxc5 Rfe8 28.
d6 Qxh1+ 29. Kd2 Qd5+ 30. Kc1 Re4 31. Ba7 Rbe8 32. Rxe4 Rxe4 33. Bb8 Bxg4 34.
Kb1 Qd1+ 35. Ka2 Re1 36. Qxe1 Qxe1 0-1

[Event "Druzynowe Mistrzostwa Polski Juniorow 2019 - II Liga"]
[Site "Szczyrk"]
[Date "1899-12-30"]
[Round "10.117"]
[White "Guzik, Michal"]
[Black "Babiarz, Arkadiusz"]
[Result "0-1"]
[WhiteTitle "II"]
[BlackTitle "I++"]
[WhiteElo "1084"]
[BlackElo "1833"]

1. e4 c5 2. Nc3 e6 3. d4 cxd4 4. Qxd4 Nc6 5. Qd2 Nf6 6. b3 Bb4 7. f3 O-O 8. Bb2
d5 9. a3 Bxc3 10. Bxc3 d4 11. Bb2 e5 12. O-O-O Be6 13. g3 Qb6 14. Qd3 Rac8 15.
f4 Ng4 16. Rd2 Na5 17. Kb1 Ne3 18. fxe5 Nac4 19. bxc4 Nxc4 20. Qxd4 Rfd8 21. Qxb6
Nxd2+ 22. Kc1 axb6 23. Bd3 Rxd3 0-1

[Event "Druzynowe Mistrzostwa Polski Juniorow 2019 - II Liga"]
[Site "Szczyrk"]
[Date "1899-12-30"]
[Round "10.118"]
[White "Jemiola, Jeremi"]
[Black "Mansz, Martyna"]
[Result "1-0"]
[WhiteTitle "III"]
[BlackTitle "I"]
[WhiteElo "1000"]
[BlackElo "1091"]

1. d4 d5 2. c4 dxc4 3. Nf3 Nf6 4. Nc3 e6 5. Bg5 Be7 6. e4 O-O 7. Bxc4 h6 8. Bh4
Re8 9. O-O b6 10. Re1 Bb7 11. Bb3 a5 12. Qd3 c5 13. Bc2 cxd4 14. Nb5 Ba6 15. a4
Nc6 16. Nfxd4 Nxd4 17. Qxd4 Qxd4 18. Nxd4 g5 19. Bg3 Rac8 20. Bb3 Bb7 21. e5 Nh5
22. Rad1 Nf4 23. Bxf4 gxf4 24. Nb5 Kh7 25. Na7 Rb8 26. Nb5 Rg8 27. f3 Bc5+ 28.
Kh1 Rg7 29. Nd6 Ba8 30. Bc2+ Kh8 31. b3 Rbg8 32. Bb1 Bxd6 33. exd6 Rxg2 34. Be4
Bxe4 35. Rxe4 R2g5 36. d7 Rd5 37. Rxd5 exd5 38. Re8 Rxe8 39. dxe8=Q+ Kg7 40. Qe5+
1-0

[Event "Druzynowe Mistrzostwa Polski Juniorow 2019 - II Liga"]
[Site "Szczyrk"]
[Date "1899-12-30"]
[Round "10.119"]
[White "Wojtas, Emilia"]
[Black "Polak, Sylwia"]
[Result "0-1"]
[WhiteTitle "II"]
[BlackTitle "I+"]
[WhiteElo "1088"]
[BlackElo "1533"]

1. e4 c5 2. Nc3 e6 3. d4 cxd4 4. Qxd4 a6 5. b3 Nc6 6. Qd2 Nf6 7. Bb2 Bb4 8. f3
O-O 9. O-O-O d5 10. Nge2 Qa5 11. Qd3 Rd8 12. a4 dxe4 13. Qe3 exf3 14. Qxf3 e5
15. h3 Be6 16. Na2 Bd5 17. Qe3 Bc5 18. Qc3 Qxc3 19. Nexc3 Be6 20. Bd3 Nd5 21.
Nxd5 Bxd5 22. Rh2 Be3+ 23. Kb1 Bf4 24. Rhh1 Bxg2 25. Rhg1 Bd5 26. Nc3 Nb4 27.
Nxd5 Rxd5 28. Be4 Rxd1+ 29. Rxd1 Rb8 30. Bxb7 f5 31. Bd5+ Nxd5 32. Rxd5 Re8 33.
c4 g6 34. c5 e4 35. Kc2 e3 36. Kd1 e2+ 37. Ke1 Bg3+ 0-1

[Event "Druzynowe Mistrzostwa Polski Juniorow 2019 - II Liga"]
[Site "Szczyrk"]
[Date "1899-12-30"]
[Round "10.120"]
[White "Krzanowska, Liliana"]
[Black "Uliasz, Katarzyna"]
[Result "1/2-1/2"]
[WhiteTitle "I"]
[BlackTitle "I"]
[WhiteElo "1192"]
[BlackElo "1333"]

1. Nf3 Nf6 2. c4 e6 3. d4 d5 4. Nc3 a6 5. e3 b6 6. Bd3 Bb7 7. O-O Nbd7 8. a3 Be7
9. Re1 O-O 10. e4 dxe4 11. Nxe4 Nxe4 12. Bxe4 Bxe4 13. Rxe4 Nf6 14. Re1 h6 15.
Ne5 c5 16. Nc6 Qc7 17. Nxe7+ Qxe7 18. d5 Rfd8 19. Qf3 e5 20. Qg3 Nd7 21. Bxh6
f6 22. f4 Kh8 23. d6 Qf8 24. fxe5 Nxe5 25. Bf4 Qxd6 26. Bxe5 fxe5 27. Qxe5 Qd4+
28. Qxd4 cxd4 29. Rad1 Rac8 30. b3 b5 31. Rc1 d3 32. Red1 bxc4 33. Rxc4 Rb8 34.
Rc3 d2 35. Kf2 Rb6 36. Ke2 Re6+ 37. Re3 Rg6 38. Rg3 Re6+ 39. Re3 Rg6 40. g3 Rh6
41. h4 Rhd6 42. b4 Kh7 43. Rf3 Re6+ 44. Re3 Red6 45. Rf3 Re6+ 1/2-1/2

[Event "Druzynowe Mistrzostwa Polski Juniorow 2019 - II Liga"]
[Site "Szczyrk"]
[Date "1899-12-30"]
[Round "11.1"]
[White "Swiech, Lukasz"]
[Black "Pniaczek, Marek"]
[Result "0-1"]
[WhiteTitle "II"]
[BlackTitle "CM"]
[WhiteElo "1625"]
[BlackElo "2276"]

1. e4 c5 2. Nf3 e6 3. d4 cxd4 4. Nxd4 Nc6 5. Nxc6 bxc6 6. Bd3 Nf6 7. O-O d5 8.
Nc3 Be7 9. b3 O-O 10. Bb2 c5 11. e5 Nd7 12. f4 Bb7 13. Rf3 f5 14. Rh3 g6 15. Na4
Nb6 16. Nxb6 Qxb6 17. Be2 Rf7 18. Kh1 Rg7 19. Bf3 Kh8 20. Bc1 Rag8 21. Qe2 g5
22. fxg5 Bxg5 23. Bxg5 Rxg5 24. Qf2 d4 25. Rg1 Qc7 26. Qe2 Bxf3 27. Rxf3 Rg4 28.
Qa6 Qxe5 29. Rf2 Qxh2+ 0-1

[Event "Druzynowe Mistrzostwa Polski Juniorow 2019 - II Liga"]
[Site "Szczyrk"]
[Date "1899-12-30"]
[Round "11.2"]
[White "Musial, Tomasz"]
[Black "Owoc, Jakub"]
[Result "1/2-1/2"]
[WhiteTitle "k"]
[BlackTitle "II"]
[WhiteElo "1856"]
[BlackElo "1614"]

1. d4 Nf6 2. c4 g6 3. Nf3 Bg7 4. g3 O-O 5. Bg2 d6 6. O-O Nc6 7. Nc3 e5 8. dxe5
Nxe5 9. Nxe5 dxe5 10. Bg5 Qxd1 11. Raxd1 Be6 12. Nd5 Nxd5 13. cxd5 Bd7 14. Rc1
Rac8 15. Rc2 h6 16. Bd2 c6 17. dxc6 Bxc6 18. Bxc6 Rxc6 19. Rxc6 bxc6 20. Rc1 Rc8
21. Be3 a6 22. b3 Bf8 23. Bc5 Bxc5 24. Rxc5 f6 25. Ra5 Ra8 26. Kf1 Kf7 27. Ke1
Ke6 28. Kd2 Kd6 29. Kc2 Kc7 30. Ra4 c5 31. Rc4 Kb6 32. Rc3 Rd8 33. Rd3 Rd4 34.
e3 Rxd3 35. Kxd3 f5 36. e4 Kb5 37. h4 h5 38. a3 Kc6 39. f3 Kd6 40. Ke3 Ke7 41.
Kf2 Kf7 42. Ke2 Ke7 43. Kd3 Kd6 44. Kc4 fxe4 45. fxe4 Kc6 46. b4 cxb4 47. axb4
Kd6 1/2-1/2

[Event "Druzynowe Mistrzostwa Polski Juniorow 2019 - II Liga"]
[Site "Szczyrk"]
[Date "1899-12-30"]
[Round "11.3"]
[White "Krupinski, Mikolaj"]
[Black "Kutowski, Marcel"]
[Result "1/2-1/2"]
[WhiteTitle "II"]
[BlackTitle "I"]
[WhiteElo "1510"]
[BlackElo "1659"]

1. e4 c6 2. d4 d5 3. Nc3 dxe4 4. Nxe4 Bf5 5. Ng3 Bg6 6. h4 h6 7. h5 Bh7 8. f4 e6
9. Nf3 Nd7 10. Bd3 Bxd3 11. Qxd3 Ngf6 12. Bd2 c5 13. O-O-O Qc7 14. c3 O-O-O 15.
Kb1 Bd6 16. Ne2 Kb8 17. Qc2 Rhe8 18. Ne5 Nb6 19. Ng3 cxd4 20. cxd4 Qxc2+ 21. Kxc2
Rc8+ 22. Kb1 Rc7 23. Rc1 Rec8 24. Rxc7 Rxc7 25. Rc1 Nfd5 26. Ne4 Bxe5 27. dxe5
Nc4 28. g3 Nxd2+ 29. Nxd2 Rxc1+ 30. Kxc1 f6 31. Nf3 Kc7 32. Kd2 Nb4 33. a3 Nc6
34. Kd3 a6 35. Kc4 b6 36. b4 b5+ 37. Kc3 fxe5 38. Nxe5 Nxe5 39. fxe5 Kc6 40. Kd4
Kb6 41. Ke4 a5 42. Kd4 axb4 1/2-1/2

[Event "Druzynowe Mistrzostwa Polski Juniorow 2019 - II Liga"]
[Site "Szczyrk"]
[Date "1899-12-30"]
[Round "11.4"]
[White "Wilk, Igor"]
[Black "Wiszniewski, Szymon"]
[Result "0-1"]
[WhiteTitle "I"]
[BlackTitle "II+"]
[WhiteElo "1689"]
[BlackElo "1473"]

1. e4 c5 2. Nf3 d6 3. d4 cxd4 4. Nxd4 Nf6 5. Nc3 a6 6. h4 e5 7. Nb3 Be7 8. Bg5
O-O 9. Bxf6 Bxf6 10. g3 Be6 11. Qd2 Be7 12. O-O-O Nd7 13. Bh3 b5 14. f4 b4 15.
Nd5 Bxd5 16. Qxd5 Nf6 17. Qc4 Qb6 18. Qd3 a5 19. Nd2 Rfd8 20. Nc4 Qb7 21. Rhe1
a4 22. Qe3 Qc7 23. b3 axb3 24. axb3 Ra1+ 25. Kb2 Rxd1 26. Rxd1 d5 27. exd5 Nxd5
28. Qe4 Nc3 29. Rxd8+ Qxd8 30. Qb7 Qd1 31. Qa8+ Bf8 32. Qa1 Qxa1+ 33. Kxa1 exf4
34. gxf4 Be7 35. h5 Bf6 36. f5 Kf8 37. Kb2 Ke7 38. Bg4 h6 39. Bf3 Ne2+ 40. Kb1
Ng3 41. Ne3 Kd6 42. Nd5 Bc3 43. Nxc3 bxc3 44. b4 Nxf5 45. Be4 Nd4 46. Ka2 f5 47.
Bd3 f4 48. Ka3 f3 49. b5 Kc5 50. b6 Kxb6 51. Kb4 Ne2 52. Kc4 Ng3 53. Kxc3 f2 54.
Kd4 f1=Q 55. Bxf1 Nxf1 56. Ke5 Kc5 57. Kf5 Ng3+ 58. Kg6 Nxh5 0-1

[Event "Druzynowe Mistrzostwa Polski Juniorow 2019 - II Liga"]
[Site "Szczyrk"]
[Date "1899-12-30"]
[Round "11.5"]
[White "Surpeta, Julia"]
[Black "Pyzio, Amelia"]
[Result "0-1"]
[WhiteTitle "I++"]
[BlackTitle "I++"]
[WhiteElo "1564"]
[BlackElo "1616"]

1. Nf3 d5 2. g3 Nf6 3. Bg2 e6 4. d3 Be7 5. Nbd2 O-O 6. O-O Re8 7. e4 c6 8. e5 Nfd7
9. Re1 c5 10. h4 Nc6 11. Nf1 Rb8 12. N1h2 b5 13. Ng5 h6 14. Nh3 Ndxe5 15. Bf4
Bd6 16. Qh5 Ng6 17. Bxh6 gxh6 18. Ng4 Nce5 19. Nxh6+ Kg7 20. f4 Rh8 21. fxe5 Rxh6
22. Qg4 Be7 23. h5 f5 24. exf6+ Bxf6 25. Nf4 e5 26. Ne6+ Bxe6 27. Qxe6 Rxh5 28.
Bxd5 Qe7 29. Qg4 Rg5 30. Qf3 Nh4 31. Qf2 Nf5 32. Bg2 Nxg3 33. Re3 Nh5 34. Kf1
Nf4 35. Be4 Rh8 36. Rae1 Rg4 37. Qf3 Rgh4 38. Qg3+ Kf8 39. Qg1 Rg8 40. Rg3 Rxg3
41. Qxg3 Qg7 42. Qf2 Ne6 43. Ke2 Nd4+ 44. Kd1 Qg4+ 45. Kc1 Qf4+ 46. Qxf4 Rxf4
47. c3 Nf3 48. Rh1 Ng5 49. Bd5 Rf2 50. Kb1 Bg7 51. Rg1 Nh3 52. Rg3 Nf4 53. Bc6
b4 54. Re3 bxc3 55. bxc3 Ne2 56. c4 Nc3+ 57. Kc1 Bh6 0-1

[Event "Druzynowe Mistrzostwa Polski Juniorow 2019 - II Liga"]
[Site "Szczyrk"]
[Date "1899-12-30"]
[Round "11.6"]
[White "Straczek, Wiktoria"]
[Black "Bar, Klaudia"]
[Result "0-1"]
[WhiteTitle "I"]
[BlackTitle "I"]
[WhiteElo "1316"]
[BlackElo "1512"]

1. e4 c5 2. Nc3 Nc6 3. f4 g6 4. Nf3 Bg7 5. Bb5 Nd4 6. O-O Nxb5 7. Nxb5 d5 8. e5
d4 9. c3 a6 10. Na3 Nh6 11. cxd4 cxd4 12. d3 O-O 13. Nc2 f6 14. Qe2 fxe5 15. fxe5
Qb6 16. b3 Bg4 17. Bb2 Nf5 18. Qe4 Bxf3 19. Rxf3 Qc5 20. Nxd4 Bxe5 21. Rxf5 Rxf5
22. Rc1 Bxd4+ 23. Qxd4 Qxd4+ 24. Bxd4 Rd5 25. Be3 Rxd3 26. Kf2 Rad8 27. Ke2 Kf7
28. Rc2 Ke6 29. Rd2 Rxd2+ 30. Bxd2 Kd5 31. Be3 Ke4 32. Bg5 Rd7 33. g3 e5 34. Bd2
Rc7 35. a4 Rc2 36. a5 Rb2 37. b4 Kd4 38. h4 e4 39. Ke1 Kd3 40. g4 Rxd2 0-1

[Event "Druzynowe Mistrzostwa Polski Juniorow 2019 - II Liga"]
[Site "Szczyrk"]
[Date "1899-12-30"]
[Round "11.7"]
[White "Kawalko, Adam"]
[Black "Mazurek, Bartosz"]
[Result "1/2-1/2"]
[WhiteTitle "I+"]
[BlackTitle "I"]
[WhiteElo "1920"]
[BlackElo "1857"]

1. e4 c5 2. Nf3 d6 3. d4 cxd4 4. Nxd4 Nf6 5. Nc3 a6 6. Be3 e5 7. Nb3 Be7 8. f3
O-O 9. Qd2 Be6 10. O-O-O a5 11. a4 Nc6 12. g4 Nb4 13. g5 Nh5 14. Kb1 f5 15. gxf6
Nxf6 16. f4 exf4 17. Bxf4 d5 18. e5 Ne8 19. Nd4 Nc7 20. Rg1 Kh8 21. Qg2 Rf7 22.
Ncb5 Nc6 23. Nxc7 Nxd4 24. Nxa8 Nc6 25. Bd3 Qxa8 26. Rdf1 Qc8 27. Rf3 Nb4 28.
Bh6 g6 29. Bxg6 hxg6 30. Qxg6 Bf5 31. Rxf5 Qxc2+ 32. Ka1 Qxa4+ 33. Kb1 Qc2+ 1/2-1/2

[Event "Druzynowe Mistrzostwa Polski Juniorow 2019 - II Liga"]
[Site "Szczyrk"]
[Date "1899-12-30"]
[Round "11.8"]
[White "Kebel, Bartosz"]
[Black "Madajczak, Jakub"]
[Result "0-1"]
[WhiteTitle "II"]
[BlackTitle "I"]
[WhiteElo "1463"]
[BlackElo "1631"]

1. d4 Nf6 2. Nf3 c5 3. d5 e6 4. Nc3 exd5 5. Nxd5 Nxd5 6. Qxd5 Nc6 7. e4 Nb4 8.
Qc4 d5 9. exd5 Qxd5 10. Qxd5 Nxd5 11. Ne5 Be6 12. Bb5+ Ke7 13. c3 a6 14. Bd3 f6
15. Nf3 Rd8 16. Bc2 Kf7 17. O-O Bd6 18. Re1 Bc7 19. Be4 b6 20. Bd2 Nf4 21. Re3
Bg4 22. Be1 Rhe8 23. g3 Rxe4 24. Rxe4 Bxf3 25. Re3 Nh3+ 26. Kf1 Bc6 27. c4 Ng5
28. Bc3 Nf3 29. h3 Nd2+ 30. Bxd2 Rxd2 31. Rae1 Be5 32. R1e2 Rd1+ 33. Re1 Rxe1+
34. Kxe1 b5 35. b3 Bd4 36. Re2 Bf3 37. Rc2 b4 38. Kf1 a5 39. Rd2 Bc6 40. Ke2 Be4
41. Kf1 Kg6 42. Kg1 Bc6 43. Re2 a4 44. Kf1 axb3 45. axb3 Bf3 46. Rd2 Be4 47. Kg1
Bc3 48. Ra2 Bf3 49. Ra5 Bd4 0-1

[Event "Druzynowe Mistrzostwa Polski Juniorow 2019 - II Liga"]
[Site "Szczyrk"]
[Date "1899-12-30"]
[Round "11.9"]
[White "Madajczak, Piotr"]
[Black "Sleczka, Krzysztof"]
[Result "1-0"]
[WhiteTitle "I"]
[BlackTitle "II"]
[WhiteElo "1645"]
[BlackElo "1191"]

1. e4 e5 2. Nf3 Nc6 3. Bb5 f5 4. d3 Nf6 5. O-O d6 6. Nc3 Be7 7. exf5 Bxf5 8. Be3
O-O 9. d4 exd4 10. Nxd4 Nxd4 11. Bxd4 c6 12. Bd3 Qd7 13. Bxf5 Qxf5 14. Qd3 Qa5
15. Rae1 Rae8 16. Re2 Nd5 17. Nxd5 Qxd5 18. Rfe1 Rf7 19. a3 a6 20. Bc3 Qg5 21.
Qe3 Qh4 22. Qg3 Qh6 23. h3 Qh5 24. Re6 Qd5 25. Rxd6 Qxd6 26. Qxd6 Bxd6 27. Rxe8+
Rf8 28. Rxf8+ Kxf8 29. Kf1 g6 30. Ke2 Kf7 31. Kd3 Ke6 32. Ke4 Ke7 33. b4 Kf7 34.
Bd4 Bc7 35. c4 b5 36. c5 Ke6 37. f4 Bb8 38. Be5 Bxe5 39. fxe5 g5 40. g3 h5 41.
h4 g4 42. Kf4 Kd5 43. Kf5 Kc4 44. e6 1-0

[Event "Druzynowe Mistrzostwa Polski Juniorow 2019 - II Liga"]
[Site "Szczyrk"]
[Date "1899-12-30"]
[Round "11.10"]
[White "Uhryn, Mateusz"]
[Black "Karp, Kacper"]
[Result "0-1"]
[WhiteTitle "II"]
[BlackTitle "I"]
[WhiteElo "1321"]
[BlackElo "1601"]

1. c4 e5 2. Nc3 Nf6 3. Nf3 Nc6 4. e4 Bc5 5. Nxe5 Nxe5 6. d4 Bb4 7. dxe5 Nxe4 8.
Qd4 Nxc3 9. bxc3 Be7 10. Be2 O-O 11. O-O d6 12. Rd1 dxe5 13. Qxe5 Bd6 14. Qh5
Qe7 15. Bg5 f6 16. Be3 g6 17. Qd5+ Kg7 18. Qd2 Re8 19. Bf3 Qe5 20. g3 Qf5 21.
Bg2 Qa5 22. Re1 Be6 23. Bd5 Bxd5 24. cxd5 Be5 25. Rac1 Rad8 26. c4 Qxd2 27. Bxd2
b5 28. Bc3 Bxc3 29. Rxe8 Rxe8 30. Rxc3 b4 31. Rb3 a5 32. a3 Rb8 33. Kg2 a4 34.
Re3 b3 35. Re1 b2 36. Rb1 Rb3 37. f4 Kf7 38. Kf2 Ke7 39. c5 Rxa3 40. Rxb2 Rb3
41. Ra2 a3 42. Ke1 Kd7 43. Kd1 Rd3+ 44. Ke2 Rxd5 45. Rxa3 Rxc5 46. Rd3+ Kc6 47.
Ke3 Rd5 48. Ra3 Kb5 49. Ra7 Kb6 50. Ra3 c5 51. Rb3+ Kc6 52. Ra3 f5 53. Ra6+ Kb5
54. Ra7 h5 55. Rb7+ Kc6 56. Rg7 Rd6 57. Ra7 Kb5 58. Rb7+ Kc4 59. Ra7 Kb3 60. Rb7+
Kc3 61. Re7 c4 62. Ke2 Kc2 63. Ke1 c3 64. Re2+ Kc1 65. Ra2 Rd1+ 66. Ke2 Rd2+ 67.
Rxd2 cxd2 68. Ke3 d1=Q 69. Kf2 Kd2 70. h4 Qe2+ 71. Kg1 Ke1 72. Kh1 Kf1 73. g4
Qg2# 0-1